| 000 | 01272cam a22001814a 4500 | ||
|---|---|---|---|
| 005 | 20250605164403.0 | ||
| 008 | 250528s ||||||||||||||||||||||||d | ||
| 035 | _a24678 | ||
| 040 |
_aGR-AtMCL _bgre _dGR-AtMCL _eAACR2 |
||
| 245 | 1 | _aΤο Ε.Β.Ε.Α. Αποχαιρετά τον Κωνσταντίνο Μίχαλο | |
| 260 |
_bΕμπορικό Και Βιομηχανικό Επιμελητήριο Αθηνών, _c2021 |
||
| 300 | _a64 | ||
| 520 | _aΑπεβίωσε ο Κωνσταντίνος Μίχαλος - Ορφάνεψε η Επιμελητηριακή Κοινότητα, Επίσκεψη του Πρωθυπουργού Κυριάκου Μητσοτάκη στο Περίπτερο του Ε.Β.Ε.Α., Η Ομιλία του Πρωθυπουργού Κυριάκου Μητσοτάκη, Νέος Πρόεδρος του Ε.Β.Ε.Α. ο Γιάννης Μπρατάκος, Υπόμνημα Ε.Β.Ε.Α. προς τον Πρωθυπουργό και τους Πολιτικούς Αρχηγούς, Η 'Ακτινογραφία' των Μέτρων 3,5 δις Ευρώ που Ανακοίνωσε ο Πρωθυπουργός στη Δ.Ε.Θ. | ||
| 700 | 1 |
_aΜπρατάκος Γιάννης _99480 |
|
| 942 | _cCR | ||
| 999 |
_c9545 _d9545 |
||